000 00288 a2200145 4500
001 169590
020 _a
040 _cMagnum
100 _aCagigal, Jose Maria
240 1 0 _aHombres y deporte
_lESP
245 1 0 _aHombres y deporte
362 0 _a1899
697 _aGERAL
942 _cBK
999 _c169590
_d169590